Pharmacogenomics : methods and protocals (Record no. 190850)

MARC details
000 -LEADER
fixed length control field 00470nam a2200169Ia 4500
005 - DATE AND TIME OF LATEST TRANSACTION
control field 20250227143120.0
008 - FIXED-LENGTH DATA ELEMENTS--GENERAL INFORMATION
fixed length control field 231217s9999 xx 000 0 und d
020 ## - INTERNATIONAL STANDARD BOOK NUMBER
International Standard Book Number 9788184892345
082 ## - DEWEY DECIMAL CLASSIFICATION NUMBER
Classification number 615.7 INN;1 R
100 ## - MAIN ENTRY--PERSONAL NAME
Personal name Innocenti, Federico ed.
245 #0 - TITLE STATEMENT
Title Pharmacogenomics : methods and protocals
260 ## - PUBLICATION, DISTRIBUTION, ETC. (IMPRINT)
Date of publication, distribution, etc. 2005
Name of publisher, distributor, etc. Springer
Place of publication, distribution, etc. New Delhi
300 ## - PHYSICAL DESCRIPTION
Extent x, 214
650 ## - SUBJECT ADDED ENTRY--TOPICAL TERM
Topical term or geographic name as entry element Pharmacogenomics,protocals
942 ## - ADDED ENTRY ELEMENTS (KOHA)
Koha item type Books
400 ## - SERIES STATEMENT/ADDED ENTRY--PERSONAL NAME [OBSOLETE, CAN/MARC], [LOCAL, USA]
Personal name Methods in Molecular biology
Holdings
Date last seen Total Checkouts Full call number Accession number Old discount Uniform Resource Identifier Cost, replacement price Price effective from Category Lost status Damaged status Department Withdrawn status bill no. bill date Permanent Location Current Location Shelving location Entry date Vendor Cost, normal purchase price Grants Currency symbol Conversion rate Discount Discount type
26/01/2024   615.7 INN;1 R 76334 25 digital/contents/76334.pdf 371.25 26/01/2024 Books     Central Library   RB-231 26/03/2015 Central Library Central Library Central Library 30/12/2010 Royal Biblioman 495.00 BT RS 1 123.75 Rupees
26/01/2024   615.7 INN;2 R1 76335 25 digital/contents/76334.pdf 371.25 26/01/2024 Books     Central Library   RB-231 26/03/2015 Central Library Central Library Central Library 30/12/2010 Royal Biblioman 495.00 BT RS 1 123.75 Rupees
26/01/2024   615.7 INN;3 76336 25 digital/contents/76334.pdf 371.25 26/01/2024 Books     Central Library   RB-231 26/03/2015 Central Library Central Library Central Library 30/12/2010 Royal Biblioman 495.00 BT RS 1 123.75 Rupees

© For any Suggestions or Query, please contact the library staff @ librarian@pes.edu or Phone: +9180 2672 1983/ 2108.